ОСВОД: задачи, структура, основные направления работы (Запись № 7049248)
[ простой вид ]
| 000 -МАРКЕР | |
|---|---|
| контрольное поле | 01132nam0a22003011 4500 |
| 001 - ИДЕНТИФИКАТОР ЗАПИСИ | |
| контрольное поле | rc\2327508 |
| 005 - ИДЕНТИФИКАТОР ВЕРСИИ | |
| контрольное поле | 20260406212540.0 |
| 035 ## - ДРУГИЕ СИСТЕМНЫЕ НОМЕРА | |
| Идентификатор записи | (NLR Aleph) 006581375 |
| 100 ## - ДАННЫЕ ОБЩЕЙ ОБРАБОТКИ | |
| Данные общей обработки | 20110829d1977 |||y0rusy50 ca |
| 101 0# - ЯЗЫК РЕСУРСА | |
| Язык текста, звукозаписи и т.д. | русский |
| 102 ## - СТРАНА ПУБЛИКАЦИИ ИЛИ ПРОИЗВОДСТВА | |
| Страна публикации | Российская Федерация |
| 105 ## - ПОЛЕ КОДИРОВАННЫХ ДАННЫХ: ТЕКСТОВЫЕ МАТЕРИАЛЫ, МОНОГРАФИЧЕСКИЕ | |
| Кодированные данные о монографическом текстовом документе | y z ||||| |
| 200 1# - ЗАГЛАВИЕ И СВЕДЕНИЯ ОБ ОТВЕТСТВЕННОСТИ | |
| Основное заглавие | ОСВОД: задачи, структура, основные направления работы |
| Сведения, относящиеся к заглавию | Метод. рекомендации |
| Первые сведения об ответственности | ... Центр. совет |
| 210 ## - ПУБЛИКАЦИЯ, РАСПРОСТРАНЕНИЕ И ДР. | |
| Место издания, распространения и т.д. | Москва |
| Имя издателя, распространителя и т. д. | Моск. рабочий |
| Дата издания, распространения и т.д. | 1977 |
| 215 ## - ФИЗИЧЕСКАЯ ХАРАКТЕРИСТИКА | |
| Специфическое обозначение материала и объем | 45 с. |
| Размеры | 21 |
| 300 ## - ОБЩИЕ ПРИМЕЧАНИЯ | |
| Текст примечания | На обороте тит. л.: подгот. Г.К. Васильев, С.В. Коробков, В.А. Пархоменко, Р.Ф. Тумановский |
| 701 #1 - ИМЯ ЛИЦА - АЛЬТЕРНАТИВНАЯ ОТВЕТСТВЕННОСТЬ | |
| Начальный элемент ввода | Коробков |
| Часть имени, кроме начального элемента ввода | С.В. |
| 701 #1 - ИМЯ ЛИЦА - АЛЬТЕРНАТИВНАЯ ОТВЕТСТВЕННОСТЬ | |
| Начальный элемент ввода | Тумановский |
| Часть имени, кроме начального элемента ввода | Р.Ф. |
| 701 #1 - ИМЯ ЛИЦА - АЛЬТЕРНАТИВНАЯ ОТВЕТСТВЕННОСТЬ | |
| Начальный элемент ввода | Пархоменко |
| Часть имени, кроме начального элемента ввода | В.А. |
| 701 #1 - ИМЯ ЛИЦА - АЛЬТЕРНАТИВНАЯ ОТВЕТСТВЕННОСТЬ | |
| Начальный элемент ввода | Васильев |
| Часть имени, кроме начального элемента ввода | Г.К. |
| 710 02 - НАИМЕНОВАНИЕ ОРГАНИЗАЦИИ - ПЕРВИЧНАЯ ОТВЕТСТВЕННОСТЬ | |
| Начальный элемент ввода | ОСВОД РСФСР |
| Системный номер авторитетной/нормативной записи | 436185 |
| Идентификатор авторитетной/нормативной записи | RU\NLR\AUTH\889969963 |
| 801 #0 - ИСТОЧНИК ЗАПИСИ | |
| Страна | Российская Федерация |
| Организация | NLR |
| Правила каталогизации | psbo |
| 801 #1 - ИСТОЧНИК ЗАПИСИ | |
| Страна | Российская Федерация |
| Организация | ELAR |
| Источник данных | rusmarc |
| 852 ## - МЕСТОНАХОЖДЕНИЕ И ШИФР ХРАНЕНИЯ | |
| Идентификатор организации | NLR |
| Шифр хранения (Call Number) | 77-4/24937 |
| 899 ## - ДАННЫЕ О МЕСТОНАХОЖДЕНИИ (устаревшее) | |
| Местонахождение | RuMoRGB |
| Шифр хранения | М 77-12/720 |
| 942 ## - ДОПОЛНИТЕЛЬНЫЕ ЭЛЕМЕНТЫ ЗАПИСИ (АБИС) | |
| Тип экземпляра АБИС | Книга |
| 980 ## - КОЛЛЕКЦИЯ | |
| Название коллекции | Национальная библиография |
| Тип экземпляра | Дата поступления | Библиотека постоянного хранения | Библиотека текущего хранения | Место хранения | Шифр хранения | Штрих-код | Статус экземпляра |
|---|---|---|---|---|---|---|---|
| Книга | 26.10.2013 | РНБ (Московский) | РНБ (Московский) | Русский книжный фонд: издания с 1957 года | 77-4/24937 | 6581375-10 |